000 00557nam a2200193 a 4500
001 1777626161806
003 YourLibrary
005 20260501143359.0
008 260501s1999##################000#0#eng##
020 _a9783790812015
082 0 4 _a388.112094
_bLIN
100 1 _aLink, Heike,
_eauthor.
245 1 0 _aThe Costs of Road Infrastructure and Congestion in Europe :
260 _bSpringer Science & Business Media,
_c1999.
300 _a156 pages
650 0 _aBusiness & Economics.
942 _cENGLISH
040 _aYourLibrary
_beng
_cYourLibrary
999 _c621748
_d621748